[Event "Ruhrgebiet Verbandsklasse Gruppe 1 1718"]
[Site "Germany"]
[Date "2018.01.14"]
[Round "5.8"]
[White "Krams, Amatus"]
[Black "Zimmer, Javier Miguel"]
[Result "0-1"]
[WhiteElo "1254"]
[BlackElo "1587"]
[PlyCount "98"]
[EventDate "2017.09.17"]
[EventType "team-tourn"]
[EventRounds "9"]
[EventCountry "GER"]
[SourceTitle "EXT 2022"]
[Source "ChessBase"]
[SourceDate "2021.10.06"]
[SourceVersion "1"]
[SourceVersionDate "2021.10.06"]
[SourceQuality "1"]
[WhiteTeam "Eving SV Rochade"]
[BlackTeam "Oberhausen SW"]
[WhiteTeamCountry "GER"]
[BlackTeamCountry "GER"]

1. e4 c6 2. Nc3 d5 3. exd5 cxd5 4. d4 Nf6 5. Bf4 a6 6. Bd3 Bg4 7. f3 Bh5 8. g4 Bg6 9. h4 e6 10. h5 Bxd3 11. Qxd3 Bd6 12. Be5 Bxe5 13. dxe5 Nfd7 14. f4 Qa5 15. Nge2 Nc6 16. a3 Nc5 17. Qd2 Qc7 18. Nd4 h6 19. 0-0-0 0-0-0 20. Qf2 Kb8 21. Rhe1 Nxd4 22. Rxd4 Rc8 23. f5 Qe7 24. Kb1 Nd7 25. Na2 Rc4 26. Rxc4 dxc4 27. Re4 Rc8 28. Qe2 Rc5 29. fxe6 Qxe6 30. Nc3 Rxe5 31. Rxe5 Nxe5 32. Na4 Nxg4 33. Qxe6 fxe6 34. Nb6 Nf6 35. Nxc4 Nxh5 36. Kc1 Kc7 37. Kd2 b5 38. Ne5 Kd6 39. Nf3 g5 40. Ke3 Nf6 41. Nd4 Kd5 42. Ne2 e5 43. Ng3 h5 44. b3 h4 45. Ne2 g4 46. Nc3+ Kc5 47. Kf2 Kd4 48. Ne2+ Kc5 49. Nc3 a5 0-1

[Event "Gelsenkirchen Silvester op 5th"]
[Site "Gelsenkirchen"]
[Date "2017.12.29"]
[Round "4"]
[White "Zimmer, Javier Miguel"]
[Black "Spreer, Lutz"]
[Result "1-0"]
[WhiteElo "1591"]
[BlackElo "1635"]
[PlyCount "213"]
[EventDate "2017.12.27"]
[EventType "swiss"]
[EventRounds "5"]
[EventCountry "GER"]
[SourceTitle "CBM 182 Extra"]
[Source "ChessBase"]
[SourceDate "2018.02.23"]
[SourceVersion "1"]
[SourceVersionDate "2018.02.23"]
[SourceQuality "1"]

1. d4 b6 2. Bf4 e6 3. e3 Bb7 4. Nf3 Nf6 5. h3 Be7 6. Nbd2 0-0 7. Bd3 d6 8. 0-0 Nbd7 9. Qe2 c5 10. c3 d5 11. Ne5 Rc8 12. Ba6 Bxa6 13. Qxa6 Nxe5 14. Bxe5 Qd7 15. a4 Rc6 16. Nf3 Ne4 17. Bh2 f6 18. Rfd1 Nd6 19. Qd3 Nc4 20. Qe2 Bd6 21. dxc5 Rxc5 22. Bxd6 Qxd6 23. e4 Ne5 24. exd5 Rxd5 25. Rxd5 Qxd5 26. Nxe5 fxe5 27. Rd1 Qc5 28. Rd7 a5 29. Rd2 g6 30. Qe3 Qc7 31. f3 Rf5 32. g4 Rf4 33. Re2 Qf7 34. Rf2 Qc7 35. Re2 Qf7 36. Kg2 Qb7 37. Qd3 Qc7 38. Rd2 Rf8 39. Qd6 Qf7 40. Qc6 Kh8 41. Rd7 Qf6 42. Ra7 Qf4 43. Rd7 h5 44. Qb7 Qf6 45. Kf2 hxg4 46. hxg4 Qh4+ 47. Kg2 Qf6 48. Rd1 Kg8 49. Rh1 Rf7 50. Qa8+ Rf8 51. Qb7 Rf7 52. Qe4 Rd7 53. b4 axb4 54. cxb4 Kg7 55. a5 bxa5 56. bxa5 Qf4 57. Qxf4 exf4 58. g5 Rd5 59. Ra1 Rxg5+ 60. Kf2 Rh5 61. a6 Rh2+ 62. Kg1 Rh8 63. a7 Ra8 64. Kg2 Kf6 65. Kh3 Kf5 66. Ra6 g5 67. Ra5+ e5 68. Ra6 e4 69. Ra5+ Kf6 70. fxe4 Rh8+ 71. Kg4 Ra8 72. Rf5+ Ke6 73. Rxg5 Rxa7 74. Kxf4 Ra4 75. Rg6+ Ke7 76. Kf5 Ra1 77. Rg7+ Ke8 78. Rh7 Re1 79. e5 Rf1+ 80. Ke6 Kf8 81. Rh8+ Kg7 82. Rd8 Re1 83. Rd7+ Kf8 84. Rf7+ Ke8 85. Rb7 Kd8 86. Rb8+ Kc7 87. Rb3 Kd8 88. Rd3+ Ke8 89. Rh3 Kf8 90. Rh5 Re2 91. Kf6 Ke8 92. Rh7 Rf2+ 93. Ke6 Kf8 94. Rd7 Ke8 95. Rd5 Rf7 96. Rd8+ Kxd8 97. Kxf7 Kd7 98. e6+ Kd6 99. e7 Kc5 100. e8Q Kd5 101. Qe6+ Kd4 102. Kf6 Kc5 103. Qd7 Kc4 104. Ke5 Kc5 105. Qc7+ Kb5 106. Kd4 Ka6 107. Qb8 1-0

[Event "Gelsenkirchen Silvester op 5th"]
[Site "Gelsenkirchen"]
[Date "2017.12.27"]
[Round "1"]
[White "Lazarev, Daniel"]
[Black "Zimmer, Javier Miguel"]
[Result "0-1"]
[WhiteElo "873"]
[BlackElo "1591"]
[PlyCount "50"]
[EventDate "2017.12.27"]
[EventType "swiss"]
[EventRounds "5"]
[EventCountry "GER"]
[SourceTitle "CBM 182 Extra"]
[Source "ChessBase"]
[SourceDate "2018.02.23"]
[SourceVersion "1"]
[SourceVersionDate "2018.02.23"]
[SourceQuality "1"]

1. e4 c6 2. Nf3 d5 3. d3 dxe4 4. dxe4 Qxd1+ 5. Kxd1 Nf6 6. Bg5 Nxe4 7. Bd3 Nxf2+ 8. Ke1 Nxh1 9. Nc3 h6 10. Bh4 g5 11. Bf2 Nxf2 12. Kxf2 Bg7 13. Re1 Bg4 14. Ne4 0-0 15. h3 Bxf3 16. gxf3 Nd7 17. Bc4 Bxb2 18. Rd1 Rad8 19. Bb3 Nf6 20. Rxd8 Nxe4+ 21. fxe4 Rxd8 22. Kf3 Kg7 23. Kg4 Rd4 24. Kf5 e6+ 25. Ke5 Rd5# 0-1

[Event "Gelsenkirchen Silvester op 4th"]
[Site "Gelsenkirchen"]
[Date "2016.12.27"]
[Round "1"]
[White "Zimmer, Javier Miguel"]
[Black "Vishanji, Franz"]
[Result "0-1"]
[WhiteElo "1564"]
[BlackElo "1624"]
[PlyCount "140"]
[EventDate "2016.12.27"]
[EventType "swiss"]
[EventRounds "5"]
[EventCountry "GER"]
[SourceTitle "EXT 2019"]
[Source "ChessBase"]
[SourceDate "2018.10.10"]
[SourceVersion "1"]
[SourceVersionDate "2018.10.10"]
[SourceQuality "1"]

1. d4 Nf6 2. c4 e6 3. a3 b6 4. Nf3 Bb7 5. e3 Be7 6. Be2 0-0 7. 0-0 d5 8. b4 c5 9. dxc5 bxc5 10. bxc5 Bxc5 11. cxd5 Nxd5 12. Qc2 Nd7 13. Bb2 Rc8 14. Nc3 N7f6 15. Nxd5 Bxd5 16. Qa4 Be7 17. Rfd1 Qc7 18. Rac1 Qb6 19. Bd4 Bb3 20. Qa6 Qxa6 21. Bxa6 Bxd1 22. Rxc8 Rxc8 23. Bxc8 a5 24. Bc3 a4 25. Bb2 Nd5 26. Bb7 Be2 27. Bc6 Bd1 28. Kf1 Nb6 29. Nd2 Bb3 30. Bb5 f6 31. Ke2 Bc2 32. Nc4 Nxc4 33. Bxc4 Kf7 34. Kd2 Be4 35. f3 Bc6 36. Bc1 Bd6 37. h3 g5 38. Kd3 h5 39. e4 h4 40. Ba6 Kg6 41. Kc4 f5 42. exf5+ exf5 43. Bb5 Bb7 44. Bxa4 g4 45. hxg4 fxg4 46. Bc2+ Kf7 47. Bf5 gxf3 48. gxf3 Bxf3 49. Bh3 Bd1 50. Kd5 Be7 51. Ke5 Ba4 52. Kf5 Bd7+ 53. Ke5 Bxh3 54. a4 Bf1 55. Bf4 Bd8 56. Kf5 Bh3+ 57. Ke4 Kg6 58. Kf3 Kf5 59. Bd6 Bg4+ 60. Kg2 Ba5 61. Bb8 Ke4 62. Bd6 Kd5 63. Bf4 Kc4 64. Bg3 h3+ 65. Kh2 Kb3 66. Bd6 Kxa4 67. Be5 Kb5 68. Kg3 Bd7 69. Kh4 Kc6 70. Bf4 Bc7 0-1